000 00443nam a22001817a 4500
008 181011b xxu||||| |||| 00| | tur d
020 _a9753316879
041 _atur
050 _aPL248.A73
100 _aAral, İnci
_91004
245 _aTaş ve Ten
250 _a1.Basım
260 _aİstanbul
_bEpsilon Yayıncılık
_cOcak 2005
300 _a230 Sayfa
500 _aÖzel Baskı
650 0 _9145
_aTürk Edebiyatı
942 _2lcc
_cBK
999 _c2595
_d2552